| 000 | 00528nam a2200193Ia 4500 | ||
|---|---|---|---|
| 005 | 20250508164012.0 | ||
| 008 | 008 250505s9999 xx 000 0 hin d | ||
| 020 | _a81-7137-251-1 | ||
| 037 | _aTextual | ||
| 040 |
_aFEDL _beng _cFEDL |
||
| 041 |
_ahin _2hin |
||
| 084 |
_a320.1, KAM _qFEDL |
||
| 100 | _aKamal K. L. | ||
| 245 | 0 | _aBhartiya rajnitik chintan | |
| 260 |
_aJaipur, India _bRajasthan Hindi Granth Akademi _c1998 |
||
| 300 | _aix,270p | ||
| 942 |
_cTEXL _h320.1, KAM |
||
| 999 |
_c1386514 _d1386514 |
||